Stolice - rosnący poziom trudności - Statystyki

Ogólne statystyki
  • Ten quiz został rozwiązany 22 razy
  • Średni wynik to 102 z 243
Statystyki odpowiedzi
Hint Odpowiedź % Poprawnych
15. Holandia Amsterdam
95%
8. Grecja Ateny
95%
2. Niemcy Berlin
95%
30. Szwajcaria Berno
95%
22. Brazylia Brasilia
95%
12. Słowacja Bratysława
95%
16. Belgia Bruksela
95%
17. Węgry Budapeszt
95%
25. Rumunia Bukareszt
95%
29. Irlandia Dublin
95%
32. Egipt Kair
95%
10. Ukraina Kijów
95%
19. Dania Kopenhaga
95%
28. Portugalia Lizbona
95%
4. Wielka Brytania Londyn
95%
6. Hiszpania Madryt
95%
24. Meksyk Meksyk
95%
13. Białoruś Mińsk
95%
7. Rosja Moskwa
95%
18. Norwegia Oslo
95%
3. Francja Paryż
95%
27. Chiny Pekin
95%
9. Czechy Praga
95%
35. Łotwa Ryga
95%
5. Włochy Rzym
95%
31. Korea Południowa Seul
95%
26. Bułgaria Sofia
95%
20. Szwecja Sztokholm
95%
21. Japonia Tokio
95%
1. Polska Warszawa
95%
23. Stany Zjednoczone Waszyngton
95%
14. Austria Wiedeń
95%
11. Litwa Wilno
95%
37. Andora Andora
91%
46. Turcja Ankara
91%
33. Argentyna Buenos Aires
91%
67. Australia Canberra
91%
34. Finlandia Helsinki
91%
39. Luksemburg Luksemburg
91%
38. Monako Monako
91%
49. Kanada Ottawa
91%
65. Maroko Rabat
91%
56. Islandia Reykjavík
91%
41. San Marino San Marino
91%
52. Bośnia i Hercegowina Sarajewo
91%
36. Estonia Tallinn
91%
44. Albania Tirana
91%
40. Watykan Watykan
91%
42. Chorwacja Zagrzeb
91%
48. Tajlandia Bangkok
86%
43. Serbia Belgrad
86%
51. Izrael Jerozolima
86%
224. Palestyna Jerozolima/Ramallah
86%
61. Peru Lima
86%
45. Słowenia Lublana
86%
54. Cypr Nikozja
86%
47. Indie Nowe Delhi
86%
55. Malta Valletta
86%
58. Mołdawia Kiszyniów
82%
53. Czarnogóra Podgorica
82%
50. Kolumbia Bogota
77%
69. Kuba Hawana
77%
68. Korea Północna Pjongjang
77%
59. Kosowo Prisztina
77%
63. Gruzja Tbilisi
77%
64. Tunezja Tunis
77%
60. Liechtenstein Vaduz
77%
82. Syria Damaszek
73%
66. Indonezja Dżakarta
73%
71. Południowa Afryka Pretoria/Bloemfontein/Kapsztad
73%
75. Chile Santiago
73%
57. Macedonia Północna Skopje
73%
87. Nowa Zelandia Wellington
73%
62.Zjednoczone Emiraty Arabskie Abu Zabi
68%
79. Algieria Algier
68%
84. Irak Bagdad
68%
74. Wenezuela Caracas
68%
81. Wietnam Hanoi
68%
242. Norfolk | 70. Jamajka Kingston
68%
198. Saint Vincent i Grenadyny Kingstown
68%
91. Kazachstan Astana
64%
85. Afganistan Kabul
64%
89. Malezja Kuala Lumpur
64%
77. Urugwaj Montevideo
64%
80. Singapur Singapur
64%
93. Azerbejdżan Baku
59%
72. Filipiny Manila
59%
83. Iran Teheran
59%
109. Senegal Dakar
55%
73. Katar Doha
55%
96. Gibraltar Gibraltar
55%
88. Gwatemala Gwatemala
55%
86. Nepal Katmandu
55%
135. Panama Panama
55%
76. Ekwador Quito
55%
92. Mongolia Ułan Bator
55%
143. Madagaskar Antananarywa
50%
94. Armenia Erywań
50%
78. Boliwia Sucre/La Paz
50%
90. Tajwan Tajpej
50%
102. Pakistan Islamabad
45%
106. Kenia Nairobi
45%
97. Jordania Amman
41%
98. Kuwejt Kuwejt
41%
126. Etiopia Addis Abeba
36%
156. Ghana Akra
36%
110. Liban Bejrut
36%
144. Gwinea Bissau Bissau
36%
141. Dżibuti Dżibuti
36%
100. Arabia Saudyjska Rijad
36%
138. Kostaryka San José
36%
108. Nigeria Abudża
32%
112. Kirgistan Biszkek
32%
111. Sudan Chartum
32%
123. Angola Luanda
32%
137. Nikaragua Managua
32%
133. Somalia Mogadiszu
32%
124. Haiti Port-au-Prince
32%
107. Libia Trypolis
32%
116. Laos Wientian
32%
103. Paragwaj Asunción
27%
139. Belize Belmopan
27%
95. Bangladesz Dhaka
27%
113. Tadżykistan Duszanbe
27%
130. Rwanda Kigali
27%
105. Demokratyczna Republika Konga Kinszasa
27%
155. Togo Lomé
27%
99. Grenlandia Nuuk
27%
101. Kambodża Phnom Penh
27%
134. Salwador San Salvador
27%
152. Mali Bamako
23%
127. Botswana Gaborone
23%
131. Zimbabwe Harare
23%
129. Uganda Kampala
23%
132. Zambia Lusaka
23%
168. Liberia Monrovia
23%
145. Mauretania Nawakszut
23%
199. Trynidad i Tobago Port-of-Spain
23%
104. Dominikana Santo Domingo
23%
136. Honduras Tegucigalpa
23%
114. Turkmenistan Aszchabad
18%
151. Gambia Bandżul
18%
162. Republika Środkowoafrykańska Bangi
18%
164. Kongo Brazzaville
18%
146. Tanzania Dodoma
18%
160. Sudan Południowy Dżuba
18%
121. Gujana Georgetown
18%
209. Kajmany George Town
18%
163. Kamerun Jaunde
18%
165. Gabon Libreville
18%
178. Malediwy Male
18%
142. Bahrajn Manama
18%
147. Mozambik Maputo
18%
120. Jemen Sana
18%
125. Portoryko San Juan
18%
140. Sri Lanka Sri Dźajawardanapura Kotte
18%
115. Uzbekistan Taszkent
18%
118. Bhutan Thimphu
18%
157. Burkina Faso Wagadugu
18%
128. Namibia Windhuk
18%
169. Sierra Leone Freetown
14%
148. Malawi Lilongwe
14%
119. Oman Maskat
14%
149. Eswatini Mbabane/Lobamba
14%
193. Bahamy Nassau
14%
117. Mjanma Naypyidaw
14%
158. Czad Ndżamena
14%
122. Surinam Paramaribo
14%
154. Benin Porto-Novo
14%
159. Erytrea Asmara
9%
197. Saint Lucia Castries
9%
179. Timor Wschodni Dili
9%
161. Burundi Gitega
9%
167. Wybrzeże Kości Słoniowej Jamusukro
9%
170. Gwinea Konakry
9%
166. Gwinea Równikowa Malabo
9%
150. Lesotho Maseru
9%
153. Niger Niamey
9%
177. Papua-Nowa Gwinea Port Moresby
9%
173. Wyspy Świętego Tomasza i Książęca São Tomé
9%
182. Fidżi Suva
9%
205. Wyspy Owcze Thorshavn
9%
232. Pitcairn Adamstown
5%
237. Niue Alofi
5%
171. Sahara Zachodnia Al-Ujun/Tifariti
5%
185. Samoa Apia
5%
184. Brunei Bandar Seri Begawan
5%
196. Saint Kitts i Nevis Basseterre
5%
219. Gwadelupa Basse-Terre
5%
194. Barbados Bridgetown
5%
206. Wyspa Man Douglas
5%
188. Tuvalu Funafuti
5%
222. Guam Hagåtña
5%
200. Bermudy Hamilton
5%
191. Wyspy Salomona Honiara
5%
229. Wyspa Świętej Heleny, Wyspa Wniebowstąpienia i Tristan da Cunha Jamestown
5%
180. Gujana Francuska Kajenna
5%
190. Wyspy Marshalla Majuro
5%
174. Komory Moroni
5%
202. Palau Ngerulmud
5%
187. Tonga Nukuʻalofa
5%
211. Aruba Oranjestad
5%
186. Mikronezja Palikir
5%
233. Polinezja Francuska Papeete
5%
176. Mauritius Port Louis
5%
189. Vanuatu Port Vila
5%
172. Republika Zielonego Przylądka Praia
5%
192. Dominika Roseau
5%
227. Reunion Saint-Denis
5%
195. Grenada Saint George’s
5%
203. Jersey Saint Helier
5%
201. Antigua i Barbuda Saint John’s
5%
207. Saint-Pierre i Miquelon | 241. Francuskie Terytoria Południowe i Antarktyczne Saint-Pierre
5%
231. Falklandy Stanley
5%
210. Anguilla The Valley
5%
175. Seszele Victoria
5%
226. Wyspy Kokosowe West Island (nieoficjalnie)
5%
212. Curaçao Willemstad
5%
183. Nauru Yaren (nieoficjalnie)
5%
235. Wyspy Cooka Avarua
0%
181. Kiribati Bairiki
0%
221. Mariany Północne Chalan Kanoa/Capitol Hill
0%
214. Wyspy Dziewicze Stanów Zjednoczonych Charlotte Amalie
0%
208. Turks i Caicos Cockburn Town
0%
239. Brytyjskie Terytorium Oceanu Indyjskiego Diego Garcia
0%
236. Samoa Amerykańskie Fagatogo
0%
234. Tokelau Fakaofo (Największe miasto - brak oficjalnej stolicy)
0%
225. Wyspa Bożego Narodzenia Flying Fish Cove
0%
220. Martynika Fort-de-France
0%
217. Saint-Barthélemy Gustavia
0%
230. Georgia Południowa i Sandwich Południowy King Edward Point
0%
240. Svalbard Longyearbyen
0%
243. Wyspy Alandzkie Maarianhamina
0%
228. Majotta Mamoudzou
0%
215. Saint-Martin Marigot
0%
238. Wallis i Futuna Mata-Utu
0%
223. Nowa Kaledonia Numea
0%
216. Sint Maarten Philipsburg
0%
218. Montserrat Plymouth/Brades
0%
213. Brytyjskie Wyspy Dziewicze Road Town
0%
204. Guernsey Saint Peter Port
0%
Nie znaleziono quizów pasujących do podanych kryteriów
Rozkład punktacji
Procent ludzi z każdym wynikiem
Percentyl według liczby udzielonych odpowiedzi
Twoja historia wyników
Nie rozwiązałeś tego quizu